| 000 | 00602nam a2200193 a 4500 | ||
|---|---|---|---|
| 005 | 20160218144852.0 | ||
| 008 | 140312b2002 enka gr|||| 00| 0 eng d | ||
| 040 |
_aCO-BoIAVH _cCO-BoIAVH |
||
| 041 | _aeng | ||
| 044 | _aenk | ||
| 082 | 0 | 4 |
_a346.048 _bI61i1 |
| 245 | 1 | _aIntegrating intellectual property rights and development policy | |
| 260 |
_aLondon _bCommission on Intellectual Property Rights _c2002 |
||
| 300 |
_a178 paginas. _bilustraciones. ; _c29 x 21 cm |
||
| 650 | 4 | _aPropiedad intelectual. | |
| 650 | 4 | _apolĂtica de desarrollo | |
| 942 |
_cLIBRO _2ddc |
||
| 945 | _d2004-01-27 | ||
| 999 |
_c3613 _d3613 |
||